|
|
|
|
| LEADER |
00980nam a2200229 a 4500 |
| 001 |
000452389 |
| 003 |
CZ BrMZK |
| 005 |
20060714122100.0 |
| 008 |
010907s1983 xr f cze d |
| 040 |
|
|
|a BOA001
|b cze
|c BOA002
|
| 100 |
1 |
|
|a Žák, Antonín
|4 aut
|
| 245 |
1 |
0 |
|a Písemné zjišťování znalostí a vědomostí žáků na základní škole :
|b pro základní funkční studium ved. pedag. prac. zákl. škol v Jihočes. kraji /
|c Antonín Žák
|
| 260 |
|
|
|a České Budějovice :
|b Krajský pedagogický ústav,
|c 1983
|
| 300 |
|
|
|a 20 s.
|
| 490 |
1 |
|
|a Studijní materiály. Řada B
|
| 500 |
|
|
|a Rozmnoženo
|
| 710 |
2 |
|
|a Krajský pedagogický ústav (České Budějovice, Česko)
|7 mzk2006340937
|
| 830 |
|
0 |
|a Studijní materiály.
|n Řada B
|
| 910 |
|
|
|a BOA001
|b PK-N-0023.468
|
| 964 |
|
|
|a Testy didaktické - užití - listy metodické - školy základní
|
| 990 |
|
|
|a BK
|
| 996 |
7 |
|
|b 3119832572
|c PK-N-0023.468
|l MZK
|r Sklad / do 1 hodiny
|n 3
|w 000452389
|u 000010
|a 1
|e BOA001
|j MZK50
|s A
|